[Event "XVI C.to Mondiale seniores"]
[Site "Arvier ITA"]
[Date "2006.09.21"]
[Round "10"]
[White "Kristiansen, Erling"]
[Black "Veselsky, Jozef"]
[Result "1-0"]
[WhiteElo "2236"]
[BlackElo "2169"]
[PlyCount "155"]
[EventDate "2006.09.11"]

1. d4 d5 2. c4 e6 3. Nc3 Nf6 4. Bg5 Be7 5. e3 h6 6. Bf4 O-O 7. Rc1 c6 8. h3 Bd6
9. Bxd6 Qxd6 10. Nf3 Nbd7 11. Be2 dxc4 12. Bxc4 Nd5 13. O-O Nxc3 14. Rxc3 b6
15. Qe2 Bb7 16. Rd1 Rfd8 17. Rcc1 Rac8 18. Bd3 Qe7 19. Be4 Rc7 20. a3 Rdc8 21.
Qd2 c5 22. Bxb7 Rxb7 23. dxc5 Rxc5 24. b4 Rd5 25. Rc8+ Nf8 26. Qc2 Rxd1+ 27.
Qxd1 Rc7 28. Qd8 Qxd8 29. Rxd8 f6 30. Nd4 Re7 31. Ra8 Kf7 32. Nb5 Rd7 33. Rxa7
Ke7 34. Rxd7+ Kxd7 35. Kf1 Kc6 36. Nc3 Nd7 37. a4 g5 38. Ke2 Ne5 39. f4 Ng6 40.
g3 f5 41. Kf3 gxf4 42. exf4 h5 43. h4 Ne7 44. Ke3 Kd6 45. Kd4 Nc6+ 46. Kc4 Kc7
47. Nb5+ Kd7 48. Nd4 Na7 49. Nf3 Nc8 50. Kb5 Kc7 51. Ka6 Ne7 52. Nd4 Nd5 53.
Nxe6+ Kc6 54. Nd4+ Kc7 55. Nxf5 Nxb4+ 56. Kb5 Nd5 57. Ng7 Nf6 58. f5 Ne4 59.
Nxh5 Nd6+ 60. Kb4 Nxf5 61. Kc4 Kd6 62. Kd3 Ke5 63. Ke2 Nd4+ 64. Ke3 Nf5+ 65.
Kf3 Nd4+ 66. Kg4 Ne6 67. Nf4 Nc5 68. Kg5 Ne4+ 69. Kg4 Nc5 70. h5 Nxa4 71. Kg5
Nc5 72. h6 Ne4+ 73. Kg6 Nf6 74. g4 b5 75. Nd3+ Kd4 76. g5 Nd7 77. Kg7 Kxd3 78.
h7 1-0

[Event "XVI C.to Mondiale seniores"]
[Site "Arvier ITA"]
[Date "2006.09.21"]
[Round "10"]
[White "Laco, Giuseppe"]
[Black "Frumson, Yury"]
[Result "1/2-1/2"]
[WhiteElo "2143"]
[BlackElo "2317"]
[PlyCount "101"]
[EventDate "2006.09.11"]

1. c4 e6 2. Nf3 d5 3. e3 Nf6 4. a3 Be7 5. b4 b6 6. Bb2 O-O 7. Qc2 Bb7 8. c5
bxc5 9. bxc5 Ne4 10. d4 Nc6 11. Nbd2 Nxd2 12. Nxd2 Bf6 13. f4 Qc8 14. Bd3 g6
15. h4 Ba6 16. h5 Bxd3 17. Qxd3 a5 18. Bc3 Bg7 19. Rb1 Qa6 20. Qxa6 Rxa6 21.
Rb7 Rc8 22. hxg6 hxg6 23. Ke2 a4 24. g4 g5 25. Nf3 gxf4 26. exf4 Raa8 27. Kd3
Nd8 28. Rb2 Rcb8 29. Rhb1 Rxb2 30. Rxb2 Kf8 31. Be1 Bf6 32. f5 exf5 33. gxf5
Nc6 34. Rb7 Ra7 35. Rb5 Ke8 36. Bg3 Kd7 37. Be5 Bxe5 38. dxe5 Ra8 39. Ke3 Rh8
40. Rb1 Rg8 41. Rd1 Ne7 42. f6 Nc6 43. Kf4 Rg2 44. Rxd5+ Ke6 45. Rd1 Rf2 46.
Ke3 Ra2 47. Kf4 Rf2 48. Kg3 Re2 49. Kf4 Rf2 50. Kg3 Re2 51. Kf4 1/2-1/2

[Event "XVI C.to Mondiale seniores"]
[Site "Arvier ITA"]
[Date "2006.09.21"]
[Round "10"]
[White "Loktiev, Ivan"]
[Black "Beggi, Pierluigi"]
[Result "1-0"]
[WhiteElo "2383"]
[BlackElo "2151"]
[PlyCount "65"]
[EventDate "2006.09.11"]

1. d4 Nf6 2. c4 g6 3. Nc3 d5 4. cxd5 Nxd5 5. Bd2 Bg7 6. e4 Nxc3 7. Bxc3 O-O 8.
Nf3 c5 9. d5 Bxc3+ 10. bxc3 Qa5 11. Qd2 b5 12. Bd3 Bb7 13. O-O Nd7 14. Rac1 Kg7
15. Rfe1 Rad8 16. Re3 Nf6 17. Nh4 e6 18. Rh3 h5 19. dxe6 Nxe4 20. Qe3 Rxd3 21.
Qxd3 Rd8 22. Qe3 Qa4 23. Qe1 Ng5 24. Rg3 Nxe6 25. c4 b4 26. h3 Qxa2 27. Nxg6
Kh7 28. Qe5 Qd2 29. Qxh5+ Kg7 30. Nh8+ Kf6 31. Qxf7+ Ke5 32. Ng6+ Kd4 33. Qf6+
1-0

[Event "XVI C.to Mondiale seniores"]
[Site "Arvier ITA"]
[Date "2006.09.21"]
[Round "10"]
[White "Nordstrom, Felix"]
[Black "Ljubarskij, Juri"]
[Result "1-0"]
[WhiteElo "2178"]
[BlackElo "2341"]
[PlyCount "85"]
[EventDate "2006.09.11"]

1. e4 e5 2. Nf3 Nc6 3. Bc4 Nf6 4. Ng5 Bc5 5. d4 Bxd4 6. c3 Bb6 7. Nxf7 Qe7 8.
Nxh8 Na5 9. Bd3 d6 10. Bg5 Be6 11. Nd2 O-O-O 12. Qe2 Rxh8 13. b4 Nc6 14. a4 a5
15. b5 Nb8 16. Nc4 Nbd7 17. O-O Nc5 18. Nxb6+ cxb6 19. f3 Kb8 20. Bc4 Rc8 21.
Bxe6 Nxe6 22. Be3 Nc5 23. Bxc5 Rxc5 24. c4 Qc7 25. Rac1 d5 26. exd5 Nxd5 27.
Qe4 Nf4 28. g3 Nh3+ 29. Kg2 Ng5 30. Qd3 Qc8 31. f4 exf4 32. Rxf4 Ne6 33. Re4
Ng5 34. Re7 Qh3+ 35. Kg1 Rf5 36. Re3 Qg4 37. Rf1 Nh3+ 38. Kg2 Rxf1 39. Qxf1 g5
40. Re8+ Ka7 41. Qf8 Nf4+ 42. Kf2 Nd3+ 43. Ke3 1-0

[Event "XVI C.to Mondiale seniores"]
[Site "Arvier ITA"]
[Date "2006.09.21"]
[Round "10"]
[White "Piankov, Evgenij"]
[Black "Klovans, Janis"]
[Result "1/2-1/2"]
[WhiteElo "2324"]
[BlackElo "2433"]
[PlyCount "132"]
[EventDate "2006.09.11"]

1. d4 Nf6 2. Nf3 e6 3. Bg5 h6 4. Bxf6 Qxf6 5. e3 b6 6. Nbd2 Bb7 7. Bd3 g6 8.
Qe2 Bg7 9. O-O O-O 10. c3 d6 11. Rad1 a6 12. Be4 c6 13. Bc2 Nd7 14. Nc4 Qe7 15.
e4 a5 16. Rfe1 b5 17. Ne3 b4 18. Nc4 Ba6 19. Bd3 bxc3 20. bxc3 Rfd8 21. Rb1 c5
22. Qd2 Bxc4 23. Bxc4 Rab8 24. Bb5 Nf6 25. c4 Qc7 26. d5 exd5 27. exd5 Ng4 28.
Rb3 Ne5 29. Nxe5 dxe5 30. Ra3 Ra8 31. Rd1 Bf8 32. g3 Kg7 33. Qc3 Bd6 34. Bc6
Ra7 35. Rb1 Rb8 36. Rb5 Rxb5 37. Bxb5 Qd8 38. Bc6 Qg5 39. Rb3 Qf6 40. Qe1 Qf5
41. Ba4 Qg5 42. Rb6 Qd8 43. Rb5 h5 44. Kg2 h4 45. Qc3 Qf6 46. Bd1 hxg3 47. hxg3
e4 48. Qxf6+ Kxf6 49. Rb6 Ke5 50. f4+ exf3+ 51. Kxf3 Bc7 52. Rb1 Kd4 53. Be2
Bd6 54. Rb6 Ke5 55. Bd1 Bc7 56. Rc6 Bd6 57. Ba4 Ra8 58. Bb5 f5 59. Rb6 Ra7 60.
Ba4 g5 61. Rb1 g4+ 62. Kg2 Kd4 63. Bb5 Re7 64. Rf1 Re3 65. Rxf5 Rxg3+ 66. Kf1
Rf3+ 1/2-1/2

[Event "XVI C.to Mondiale seniores"]
[Site "Arvier ITA"]
[Date "2006.09.21"]
[Round "10"]
[White "Plachetka, Jan"]
[Black "Altshul, Raffael"]
[Result "1-0"]
[WhiteElo "2427"]
[BlackElo "2291"]
[PlyCount "39"]
[EventDate "2006.09.11"]

1. e4 g6 2. d4 d6 3. Nc3 c6 4. Be3 Nf6 5. Qd2 b5 6. f3 Nbd7 7. Nh3 a6 8. a4 Bb7
9. Nf2 e5 10. Be2 b4 11. Ncd1 exd4 12. Bxd4 c5 13. Be3 d5 14. exd5 Nxd5 15. Bg5
Be7 16. Bh6 Qc7 17. Ne3 Nxe3 18. Qxe3 Qe5 19. Qxe5 Nxe5 20. Bg7 1-0

[Event "XVI C.to Mondiale seniores"]
[Site "Arvier ITA"]
[Date "2006.09.21"]
[Round "10"]
[White "Rosino, Antonio"]
[Black "Bondick, Karl-Heinz"]
[Result "1-0"]
[WhiteElo "2290"]
[BlackElo "2154"]
[PlyCount "87"]
[EventDate "2006.09.11"]

1. e4 e5 2. Nf3 Qe7 3. Nc3 c6 4. d4 d6 5. a4 Bg4 6. Be2 Nf6 7. O-O Qc7 8. Re1
Be7 9. b3 O-O 10. Bb2 Nbd7 11. Qd2 Rad8 12. Nh4 Bxe2 13. Nf5 Bh5 14. Nxe7+ Kh8
15. Nf5 Rfe8 16. Ba3 Nf8 17. f3 Bg6 18. Ne3 a6 19. d5 c5 20. Ne2 Rb8 21. a5
N8d7 22. Nc4 Rg8 23. Bc1 Rbf8 24. g4 h5 25. h3 Nh7 26. Ng3 h4 27. Nf1 f6 28.
Qf2 Be8 29. Qxh4 g5 30. Qg3 Rf7 31. Nfe3 Nhf8 32. Nf5 Rh7 33. Ncxd6 Ng6 34.
Nxe8 Rxe8 35. c4 Nf4 36. h4 gxh4 37. Nxh4 Nf8 38. Bxf4 exf4 39. Qf2 Nd7 40. Kg2
Ne5 41. Rh1 Rg8 42. Nf5 Nxg4 43. fxg4 Rxg4+ 44. Kf3 1-0

[Event "XVI C.to Mondiale seniores"]
[Site "Arvier ITA"]
[Date "2006.09.21"]
[Round "10"]
[White "Taksrud, Vidar"]
[Black "Manukyan, Aleksan"]
[Result "0-1"]
[WhiteElo "2120"]
[BlackElo "2195"]
[PlyCount "70"]
[EventDate "2006.09.11"]

1. Nf3 d5 2. d4 e6 3. g3 Bd6 4. Bg2 f5 5. O-O Nf6 6. c4 c6 7. c5 Bc7 8. Bf4
Bxf4 9. gxf4 b6 10. Qc2 Ba6 11. Rc1 O-O 12. cxb6 axb6 13. a4 Ne4 14. b4 Qd6 15.
Ne5 Qxb4 16. e3 Rc8 17. f3 Nf6 18. Nd2 Nfd7 19. Rcb1 Qf8 20. Qb2 c5 21. Rc1 Qd8
22. Nf1 Nxe5 23. fxe5 Bxf1 24. Rxf1 Nc6 25. dxc5 bxc5 26. Rfc1 Qa5 27. f4 Rab8
28. Qc2 c4 29. Ra3 Rb4 30. Rd1 Rcb8 31. Ra2 Qc5 32. Qf2 Rb3 33. Re1 Nb4 34. a5
Nxa2 35. Qxa2 Rxe3 0-1

[Event "XVI C.to Mondiale seniores"]
[Site "Arvier ITA"]
[Date "2006.09.21"]
[Round "10"]
[White "Vasiukov, Evgeni A."]
[Black "Donchenko, Anatoly G."]
[Result "0-1"]
[WhiteElo "2505"]
[BlackElo "2405"]
[PlyCount "160"]
[EventDate "2006.09.11"]

1. Nf3 Nf6 2. g3 b5 3. Bg2 Bb7 4. O-O e6 5. d3 d6 6. e4 Nbd7 7. Nbd2 c5 8. a4
a6 9. Ng5 Rb8 10. f4 h6 11. Nh3 e5 12. axb5 axb5 13. c4 Bc6 14. b3 Be7 15. Kh1
O-O 16. Nf3 bxc4 17. bxc4 Nh7 18. Ra6 Qc7 19. Ra2 Rb1 20. Qc2 Rfb8 21. f5 Qd8
22. Ra6 R1b6 23. Ra2 Rb1 24. Nf2 Bg5 25. Nxg5 Nxg5 26. h4 Nh7 27. Kh2 R1b7 28.
Bd2 Ra8 29. Rfa1 Rxa2 30. Rxa2 Rb8 31. Ba5 Qc8 32. Bf3 Ra8 33. Kg2 Nb8 34. Bd2
Rxa2 35. Qxa2 Qa6 36. Qb2 Qb7 37. Qc1 Be8 38. Bd1 Na6 39. Kf1 Nb4 40. Qa3 Kf8
41. Ng4 h5 42. Nf2 f6 43. Qb3 Kg8 44. Be2 Nf8 45. Qd1 Qf7 46. Qb1 Qa7 47. Nd1
Nc6 48. Nc3 Nd4 49. Bd1 g6 50. Nd5 Nh7 51. Be3 gxf5 52. Bxd4 cxd4 53. exf5 Bf7
54. Bf3 Kg7 55. Be4 Qa5 56. Ke2 Nf8 57. Nb6 Qa3 58. Bc6 Qa5 59. Na4 e4 60. dxe4
Bxc4+ 61. Kd1 Qa6 62. Nb6 Bf7 63. Ke1 Qa3 64. Kf2 Qe3+ 65. Kg2 d3 66. Qg1 Qd2+
67. Kh3 Qc2 68. Ba4 Qe2 69. Qg2 Qe3 70. Nd5 Qd4 71. Bd1 Bxd5 72. exd5 Nd7 73.
Bxh5 d2 74. Bd1 Ne5 75. g4 Nd3 76. Qf3 Qg1 77. Qxd3 Qxd1 78. Qe4 Qe1 79. Qa4
d1=Q 80. Qd7+ Kg8 0-1

[Event "XVI C.to Mondiale seniores"]
[Site "Arvier ITA"]
[Date "2006.09.21"]
[Round "10"]
[White "Viner, Phillip J."]
[Black "Keserovic, Milan"]
[Result "1/2-1/2"]
[WhiteElo "2140"]
[BlackElo "2230"]
[PlyCount "127"]
[EventDate "2006.09.11"]

1. d4 f5 2. Bg5 g6 3. Nc3 Nf6 4. Bxf6 exf6 5. e3 d5 6. Nf3 c6 7. Bd3 Bd6 8. h4
Be6 9. Ne2 Qc7 10. g3 Nd7 11. c3 a5 12. Qc2 h5 13. Nf4 Bf7 14. c4 dxc4 15. Bxc4
Nb6 16. Bxf7+ Qxf7 17. Ke2 O-O 18. Nd2 Rfe8 19. Qb3 Qxb3 20. axb3 Bxf4 21. gxf4
Nd5 22. Kf3 b5 23. Rhc1 Ra6 24. Nb1 Rea8 25. Nc3 Nb4 26. Ke2 Kf7 27. f3 Rd8 28.
Nd1 Ra7 29. Rc5 Rd6 30. Nf2 Nd5 31. Kd2 Re7 32. Nd1 Ra7 33. Nc3 Nb4 34. Nd1 Kg7
35. Rc3 Kh6 36. Nf2 Nd5 37. Rd3 Re6 38. Nh3 Rae7 39. Re1 Kg7 40. Re2 Nb6 41.
Rc3 a4 42. bxa4 Nc4+ 43. Kc1 Nxe3 44. axb5 cxb5 45. Rb3 Nc4 46. Rxe6 Rxe6 47.
Kd1 Ne3+ 48. Kd2 Nc4+ 49. Kd1 Rd6 50. Rxb5 Rxd4+ 51. Ke1 Rd3 52. Rb7+ Kf8 53.
Ng1 Rd2 54. Rc7 Rg2 55. Rxc4 Rxg1+ 56. Kf2 Rh1 57. Kg3 Rb1 58. Rb4 Rg1+ 59. Kh2
Rc1 60. Rb7 Rc2+ 61. Kg3 Kg8 62. Rb6 Kg7 63. Rb7+ Kg8 64. Rb6 1/2-1/2

[Event "XVI C.to Mondiale seniores"]
[Site "Arvier ITA"]
[Date "2006.09.21"]
[Round "10"]
[White "Wagner, Carl E."]
[Black "Karasev, Vladimir I."]
[Result "0-1"]
[WhiteElo "2209"]
[BlackElo "2379"]
[PlyCount "70"]
[EventDate "2006.09.11"]

1. e4 c5 2. Nf3 e6 3. d4 cxd4 4. Nxd4 Qb6 5. Nb3 Qc7 6. Bd3 Nf6 7. Nc3 a6 8.
O-O d6 9. f4 Nbd7 10. Be3 b6 11. Qf3 Bb7 12. Rae1 Be7 13. Bc1 b5 14. g4 h6 15.
Qh3 b4 16. Nd1 d5 17. e5 Ne4 18. Nf2 Ndc5 19. Nxc5 Bxc5 20. Be3 g5 21. f5 exf5
22. gxf5 h5 23. Bxc5 Qxc5 24. Qe3 Qxe3 25. Rxe3 Nd2 26. Rd1 d4 27. Rh3 Nf3+ 28.
Kf1 O-O-O 29. Be4 g4 30. Bxb7+ Kxb7 31. Rg3 Nxh2+ 32. Ke2 Nf3 33. Nxg4 hxg4 34.
Rxg4 Nxe5 35. Rgxd4 Rh2+ 0-1

[Event "XVI C.to Mondiale seniores"]
[Site "Arvier ITA"]
[Date "2006.09.21"]
[Round "10"]
[White "Westerinen, Heikki M.J."]
[Black "Cebalo, Miso"]
[Result "1-0"]
[WhiteElo "2378"]
[BlackElo "2505"]
[PlyCount "111"]
[EventDate "2006.09.11"]

1. e4 c5 2. Nf3 d6 3. d4 cxd4 4. Nxd4 Nf6 5. Nc3 g6 6. Be3 Bg7 7. h3 O-O 8. Bd3
Nc6 9. Qd2 d5 10. Nxc6 bxc6 11. Bh6 Bxh6 12. Qxh6 dxe4 13. Bxe4 Ba6 14. Qd2 Qa5
15. Bd3 Rfd8 16. O-O Rab8 17. Qe3 Bxd3 18. cxd3 Rxb2 19. Qxe7 Rxd3 20. Nd1 Rxd1
21. Raxd1 Kg7 22. Rd8 Qb4 23. Qxb4 Rxb4 24. Rfd1 Ra4 25. R1d2 c5 26. Rc8 Ne4
27. Rc2 Ra3 28. f3 Nc3 29. Rxc5 Nxa2 30. Rc7 Nb4 31. Rd2 Nd3 32. Re2 Ra6 33.
Ree7 Rf6 34. Rxa7 h5 35. h4 Nf4 36. Kf2 Ne6 37. Ke3 Kf8 38. g3 Ng7 39. g4 hxg4
40. fxg4 Ne6 41. Reb7 g5 42. h5 Kg7 43. Rb6 Rf1 44. Ke2 Rf6 45. Ke1 Kh7 46. Kd2
Kg8 47. Ra5 Kg7 48. Rf5 Rxf5 49. gxf5 Nf4 50. h6+ Kh7 51. Rd6 Nh5 52. Ke3 f6
53. Kf3 Kxh6 54. Kg4 Nf4 55. Rxf6+ Kg7 56. Rd6 1-0

[Event "XVI C.to Mondiale seniores"]
[Site "Arvier ITA"]
[Date "2006.09.21"]
[Round "10"]
[White "Zakharov, Alexander"]
[Black "Tatai, Stefano"]
[Result "1/2-1/2"]
[WhiteElo "2395"]
[BlackElo "2361"]
[PlyCount "103"]
[EventDate "2006.09.11"]

1. e4 c5 2. Nf3 d6 3. Nc3 a6 4. d4 cxd4 5. Nxd4 Nf6 6. Be3 e5 7. Nb3 Be6 8. Qd2
Be7 9. f4 Qc7 10. Be2 Nbd7 11. f5 Bc4 12. Bxc4 Qxc4 13. Qd3 Qxd3 14. cxd3 d5
15. exd5 Bb4 16. Ke2 Bxc3 17. bxc3 Nxd5 18. Bd2 O-O-O 19. c4 Ne7 20. Rhf1 Nc6
21. Be3 Kc7 22. Kd2 Nf6 23. Kc3 b5 24. Nc5 Ra8 25. a3 Rhb8 26. Rab1 Ne7 27. Bg5
Neg8 28. Rfe1 Kd6 29. d4 exd4+ 30. Kxd4 Kc6 31. Nd3 bxc4 32. Ne5+ Kc7 33. Nxf7
Rb5 34. Bf4+ Kd7 35. Ne5+ Kd8 36. Nf7+ Kd7 37. Ne5+ Kd8 38. Nxc4 Ne7 39. Bc7+
Kxc7 40. Rxe7+ Kc6 41. Ne5+ Kd6 42. Re6+ Kc7 43. Rc1+ Kd8 44. Rcc6 Rd5+ 45. Kc4
Rd2 46. Rcd6+ Rxd6 47. Rxd6+ Ke7 48. Re6+ Kf8 49. g4 Rc8+ 50. Kb3 Rb8+ 51. Ka4
Rb5 52. g5 1/2-1/2

[Event "XVI C.to Mondiale seniores"]
[Site "Arvier ITA"]
[Date "2006.09.22"]
[Round "11"]
[White "Acunzo, Domenico"]
[Black "Bergmann, Hans-Dieter"]
[Result "1-0"]
[WhiteElo "1764"]
[BlackElo "1639"]
[PlyCount "47"]
[EventDate "2006.09.11"]

1. e4 c5 2. Nf3 d6 3. h3 Nf6 4. c3 Nc6 5. d4 cxd4 6. cxd4 Nxe4 7. d5 Qa5+ 8.
Nc3 Nb8 9. Be2 Nd7 10. O-O Nxc3 11. bxc3 Qxc3 12. Be3 Qf6 13. Rc1 b6 14. Qa4
Kd8 15. Qc6 Rb8 16. Qc7+ Ke8 17. Bb5 Qf5 18. Bxd7+ Qxd7 19. Qxb8 Kd8 20. Rc2
Qb7 21. Rxc8+ Qxc8 22. Qxa7 b5 23. Rc1 Qf5 24. Qb8+ 1-0

[Event "XVI C.to Mondiale seniores"]
[Site "Arvier ITA"]
[Date "2006.09.22"]
[Round "11"]
[White "Altshul, Raffael"]
[Black "Kaminik, Aleksandar"]
[Result "0-1"]
[WhiteElo "2291"]
[BlackElo "2226"]
[PlyCount "108"]
[EventDate "2006.09.11"]

1. d4 Nf6 2. c4 g6 3. Nc3 Bg7 4. e4 d6 5. Be2 O-O 6. Nf3 Bg4 7. Be3 Nfd7 8. Ng1
Bxe2 9. Ngxe2 c5 10. O-O Na6 11. Qd2 Re8 12. Rad1 Rc8 13. b3 Qa5 14. f3 Nc7 15.
dxc5 Nxc5 16. Rb1 N5e6 17. Rfd1 b6 18. b4 Qa6 19. Qd3 Na8 20. b5 Qb7 21. Rbc1
Nc5 22. Qd2 Nc7 23. Nd4 a6 24. Rb1 axb5 25. cxb5 Ra8 26. Nc6 Na4 27. Nxa4 Rxa4
28. Qc2 Ra3 29. Rb3 Nxb5 30. Rc1 Rea8 31. Rxa3 Rxa3 32. Na5 Qc7 33. Qxc7 Nxc7
34. Bxb6 Ne6 35. Rc8+ Bf8 36. Rc2 Bh6 37. Nb3 Ra6 38. Bf2 f5 39. exf5 gxf5 40.
Kf1 Kf7 41. Nd4 Nxd4 42. Bxd4 e5 43. Bf2 d5 44. Rc7+ Kg6 45. Rc5 Rd6 46. Ke2
Kf6 47. Be3 Bxe3 48. Kxe3 d4+ 49. Kd3 Ra6 50. Rc2 Ke6 51. Rb2 Ra3+ 52. Kd2 e4
53. g4 e3+ 54. Ke2 f4 0-1

[Event "XVI C.to Mondiale seniores"]
[Site "Arvier ITA"]
[Date "2006.09.22"]
[Round "11"]
[White "Boey, Josef Martin"]
[Black "Zakharov, Alexander"]
[Result "0-1"]
[WhiteElo "2277"]
[BlackElo "2395"]
[PlyCount "84"]
[EventDate "2006.09.11"]

1. e4 c5 2. Nf3 Nc6 3. d4 cxd4 4. Nxd4 Nf6 5. Nc3 d6 6. Be2 e6 7. O-O Be7 8.
Be3 O-O 9. f4 a6 10. Qe1 Nxd4 11. Bxd4 b5 12. Bd3 b4 13. Ne2 Bb7 14. e5 dxe5
15. fxe5 Qd5 16. Rf3 Bc5 17. Qh4 Bxd4+ 18. Nxd4 Ne4 19. Nb3 Qxe5 20. Re1 f5 21.
Qe7 Bd5 22. Qxb4 Qxb2 23. c4 a5 24. Qa4 Nc3 25. Qd7 Rad8 26. Qe7 Rfe8 27. Qxe8+
Rxe8 28. Rf2 Qa3 29. cxd5 Nxd5 30. Bxf5 Nc7 31. Be4 a4 32. Nd4 Qc5 33. Nf3 Rb8
34. Ree2 Nd5 35. g3 Nc3 36. Rc2 Qe3 37. Bc6 Nd1 38. Rce2 Qc5 39. Rc2 Qa7 40.
Bd7 Nxf2 41. Bxe6+ Kh8 42. Rxf2 Rb2 0-1

[Event "XVI C.to Mondiale seniores"]
[Site "Arvier ITA"]
[Date "2006.09.22"]
[Round "11"]
[White "Bondick, Karl-Heinz"]
[Black "Ljubarskij, Juri"]
[Result "0-1"]
[WhiteElo "2154"]
[BlackElo "2341"]
[PlyCount "48"]
[EventDate "2006.09.11"]

1. d4 d5 2. e4 dxe4 3. Nc3 Nf6 4. f3 exf3 5. Nxf3 Bf5 6. Ne5 c6 7. g4 Be6 8. g5
Nd5 9. Bd3 Nd7 10. O-O Nxe5 11. dxe5 Nxc3 12. bxc3 Qc7 13. Qe2 g6 14. Bf4 h6
15. h4 hxg5 16. Bxg5 Bh6 17. Rf2 Bxg5 18. hxg5 O-O-O 19. c4 Rh5 20. Rg2 Rdh8
21. Kf2 Rh3 22. Rb1 Qa5 23. Rb3 Qc5+ 24. Ke1 Re3 0-1

[Event "XVI C.to Mondiale seniores"]
[Site "Arvier ITA"]
[Date "2006.09.22"]
[Round "11"]
[White "Bukal, Vladimir sr"]
[Black "Korchnoi, Viktor L."]
[Result "1/2-1/2"]
[WhiteElo "2414"]
[BlackElo "2600"]
[PlyCount "36"]
[EventDate "2006.09.11"]

1. c4 Nf6 2. Nc3 e5 3. Nf3 Nc6 4. g3 Bb4 5. Bg2 O-O 6. O-O Re8 7. d3 Bxc3 8.
bxc3 e4 9. Nd4 exd3 10. exd3 h6 11. Re1 Rxe1+ 12. Qxe1 Nxd4 13. cxd4 d5 14.
cxd5 Nxd5 15. Bxd5 Qxd5 16. Qe8+ Kh7 17. Qe4+ Qxe4 18. dxe4 Bg4 1/2-1/2

[Event "XVI C.to Mondiale seniores"]
[Site "Arvier ITA"]
[Date "2006.09.22"]
[Round "11"]
[White "Buxade Roca, Guillermo"]
[Black "Rosino, Antonio"]
[Result "1/2-1/2"]
[WhiteElo "2202"]
[BlackElo "2290"]
[PlyCount "24"]
[EventDate "2006.09.11"]

1. d4 Nf6 2. Nf3 g6 3. Bf4 Bg7 4. e3 O-O 5. Be2 d5 6. Nbd2 Nbd7 7. h3 c5 8. c3
b6 9. O-O Bb7 10. Ne5 Rc8 11. Rc1 Ne4 12. Nxd7 Qxd7 1/2-1/2

[Event "XVI C.to Mondiale seniores"]
[Site "Arvier ITA"]
[Date "2006.09.22"]
[Round "11"]
[White "Cebalo, Miso"]
[Black "Etmans, Maarten D."]
[Result "1/2-1/2"]
[WhiteElo "2505"]
[BlackElo "2159"]
[PlyCount "94"]
[EventDate "2006.09.11"]

1. d4 e6 2. c4 Bb4+ 3. Nc3 c5 4. d5 d6 5. e4 exd5 6. cxd5 f5 7. exf5 Bxf5 8.
Bd3 Bxd3 9. Qxd3 Nf6 10. Nf3 Qe7+ 11. Be3 Qe4 12. Qb5+ Nbd7 13. O-O Bxc3 14.
bxc3 O-O 15. Rad1 Ne5 16. Nxe5 Qxe5 17. h3 Ne4 18. Qxb7 Nxc3 19. Rd2 Rfb8 20.
Qa6 Rb6 21. Qd3 Re8 22. Rc1 Ne4 23. Re2 Nf6 24. Rd1 Qh5 25. Ree1 Re5 26. Qa3
Qf7 27. Qa4 h6 28. Bc1 Rxe1+ 29. Rxe1 Qxd5 30. Qxa7 Rb1 31. Qe7 Qc4 32. Bd2
Rxe1+ 33. Bxe1 Qxa2 34. Qxd6 Qe2 35. Qb8+ Kf7 36. Qc7+ Kg6 37. Bc3 Qc4 38. Be5
Qd5 39. f4 h5 40. Kh2 h4 41. Qc8 c4 42. Qh8 Qd3 43. Qxh4 c3 44. Qg5+ Kf7 45. f5
Kf8 46. Bf4 Ne4 47. Qg6 Nf6 1/2-1/2

[Event "XVI C.to Mondiale seniores"]
[Site "Arvier ITA"]
[Date "2006.09.22"]
[Round "11"]
[White "De Laubadere, Philippe"]
[Black "Haupt, Joachim"]
[Result "1/2-1/2"]
[WhiteElo "2002"]
[BlackElo "1880"]
[PlyCount "32"]
[EventDate "2006.09.11"]

1. d4 Nf6 2. c4 e6 3. Nc3 c5 4. d5 exd5 5. cxd5 d6 6. e4 g6 7. Bd3 Bg7 8. Nf3
O-O 9. O-O Re8 10. Nd2 Nbd7 11. f4 Nb6 12. Qf3 Bg4 13. Qg3 Qc8 14. h3 Bd7 15.
f5 Nh5 16. Qf3 c4 1/2-1/2

[Event "XVI C.to Mondiale seniores"]
[Site "Arvier ITA"]
[Date "2006.09.22"]
[Round "11"]
[White "Elfert, Aleksandr V."]
[Black "Krasevec, Viktor"]
[Result "1-0"]
[WhiteElo "2166"]
[BlackElo "2065"]
[PlyCount "69"]
[EventDate "2006.09.11"]

1. e4 c6 2. d4 d5 3. Nd2 dxe4 4. Nxe4 Bf5 5. Ng3 Bg6 6. h4 h6 7. Nf3 Nd7 8. h5
Bh7 9. Bd3 Bxd3 10. Qxd3 e6 11. Bf4 Ngf6 12. c4 Bb4+ 13. Kf1 O-O 14. Rd1 Be7
15. Rh3 Qa5 16. Nh2 Rfd8 17. Qe2 Bf8 18. Kg1 Re8 19. a3 b5 20. Bd2 Qb6 21. c5
Qc7 22. f4 a5 23. Qf3 b4 24. a4 Rad8 25. Ne2 Nd5 26. g4 f5 27. gxf5 exf5 28.
Ng3 Ne7 29. Qb3+ Nd5 30. Nxf5 Bxc5 31. dxc5 Nxc5 32. Qg3 Re6 33. Re1 Rde8 34.
Nxh6+ Kh7 35. Qg6+ 1-0

[Event "XVI C.to Mondiale seniores"]
[Site "Arvier ITA"]
[Date "2006.09.22"]
[Round "11"]
[White "Hicker, Harald"]
[Black "Wagner, Carl E."]
[Result "1-0"]
[WhiteElo "2136"]
[BlackElo "2209"]
[PlyCount "37"]
[EventDate "2006.09.11"]

1. d4 Nf6 2. Nf3 c5 3. c4 cxd4 4. Nxd4 e5 5. Nb5 d5 6. cxd5 Bc5 7. e3 O-O 8.
N5c3 e4 9. Be2 Qe7 10. Nd2 Rd8 11. Nb3 Bb4 12. Bd2 Nxd5 13. Qc2 Nc6 14. O-O Nf6
15. Rfd1 Bf5 16. Nb5 Ng4 17. Bxb4 Nxb4 18. Qc5 Re8 19. Qxf5 1-0

[Event "XVI C.to Mondiale seniores"]
[Site "Arvier ITA"]
[Date "2006.09.22"]
[Round "11"]
[White "Keserovic, Milan"]
[Black "Laco, Giuseppe"]
[Result "0-1"]
[WhiteElo "2230"]
[BlackElo "2143"]
[PlyCount "120"]
[EventDate "2006.09.11"]

1. e4 c5 2. Nf3 e6 3. c3 a6 4. d4 b5 5. Bd3 Bb7 6. O-O c4 7. Bc2 d5 8. Nbd2 Be7
9. Qe2 Nd7 10. e5 a5 11. Ne1 Qb6 12. f4 g6 13. Nef3 h5 14. Ng5 Nh6 15. Ndf3 a4
16. Bd2 Kf8 17. Qf2 Kg7 18. Rae1 Nf8 19. Qg3 Bc8 20. Nh4 Nf5 21. Nxf5+ exf5 22.
Qf3 Be6 23. Re2 Nd7 24. Be1 h4 25. h3 Nb8 26. Qe3 Nc6 27. Nf3 b4 28. cxb4 Nxb4
29. Bb1 Nc6 30. Bf2 a3 31. bxa3 Rxa3 32. Qc1 Rxf3 33. gxf3 Nxd4 34. Rb2 Qa7 35.
Kg2 Bc5 36. Qc3 Nc6 37. Rd1 Bxf2 38. Rxf2 d4 39. Qe1 c3 40. Bd3 Nb4 41. Re2 Nd5
42. Kh2 Nxf4 43. Rf2 Qc5 44. Rc2 g5 45. Bf1 Ra8 46. Qf2 Ra4 47. Re1 Kh6 48. Kg1
Qc7 49. Rec1 Qxe5 50. Re1 Qa5 51. Rec1 Qa7 52. Ra1 Bc4 53. Kh2 Bd5 54. Bb5 Ra5
55. Qf1 Qc7 56. Kg1 Rxb5 57. Qxb5 Nxh3+ 58. Kg2 Qg3+ 59. Kf1 Qxf3+ 60. Ke1 d3
0-1

[Event "XVI C.to Mondiale seniores"]
[Site "Arvier ITA"]
[Date "2006.09.22"]
[Round "11"]
[White "Klundt, Klaus"]
[Black "Kristiansen, Erling"]
[Result "1/2-1/2"]
[WhiteElo "2380"]
[BlackElo "2236"]
[PlyCount "42"]
[EventDate "2006.09.11"]

1. e4 e5 2. Nf3 Nc6 3. Bb5 a6 4. Ba4 Nf6 5. O-O Be7 6. Re1 b5 7. Bb3 O-O 8. c3
d5 9. d4 exd4 10. e5 Ne4 11. Nxd4 Nxd4 12. cxd4 f5 13. f3 Ng5 14. Nc3 c6 15. f4
Ne6 16. Be3 Kh8 17. Qd2 Bd7 18. Kh1 Be8 19. Ne2 g5 20. a4 bxa4 21. Bxa4 Bb4
1/2-1/2

[Event "XVI C.to Mondiale seniores"]
[Site "Arvier ITA"]
[Date "2006.09.22"]
[Round "11"]
[White "Maissenbacher, Werner"]
[Black "Tavcar, Rado"]
[Result "1/2-1/2"]
[WhiteElo "1953"]
[BlackElo "2112"]
[PlyCount "39"]
[EventDate "2006.09.11"]

1. e4 c5 2. Nf3 Nc6 3. d4 cxd4 4. Nxd4 g6 5. Bc4 Bg7 6. Be3 Nf6 7. Nc3 O-O 8.
Bb3 d6 9. f3 Nxd4 10. Bxd4 Be6 11. Qd2 Qa5 12. O-O a6 13. Kh1 Bxb3 14. axb3 Qh5
15. Bb6 Rfe8 16. Qf2 Rac8 17. Ra5 e5 18. Rd1 Rc6 19. Be3 Re6 20. Rd3 1/2-1/2